<?xml version="1.0" encoding="UTF-8"?><?xml-stylesheet type="text/xsl" href="static/style.xsl"?><OAI-PMH xmlns="http://www.openarchives.org/OAI/2.0/" xmlns:xsi="http://www.w3.org/2001/XMLSchema-instance" xsi:schemaLocation="http://www.openarchives.org/OAI/2.0/ http://www.openarchives.org/OAI/2.0/OAI-PMH.xsd"><responseDate>2026-04-17T07:01:24Z</responseDate><request verb="GetRecord" identifier="oai:www.recercat.cat:10459.1/62616" metadataPrefix="marc">https://recercat.cat/oai/request</request><GetRecord><record><header><identifier>oai:recercat.cat:10459.1/62616</identifier><datestamp>2024-12-05T22:38:18Z</datestamp><setSpec>com_2072_3622</setSpec><setSpec>col_2072_479130</setSpec></header><metadata><record xmlns="http://www.loc.gov/MARC21/slim" xmlns:dcterms="http://purl.org/dc/terms/" xmlns:xsi="http://www.w3.org/2001/XMLSchema-instance" xmlns:doc="http://www.lyncode.com/xoai" xsi:schemaLocation="http://www.loc.gov/MARC21/slim http://www.loc.gov/standards/marcxml/schema/MARC21slim.xsd">
   <leader>00925njm 22002777a 4500</leader>
   <datafield ind2=" " ind1=" " tag="042">
      <subfield code="a">dc</subfield>
   </datafield>
   <datafield ind2=" " ind1=" " tag="720">
      <subfield code="a">Sansó Galiay, Clara</subfield>
      <subfield code="e">author</subfield>
   </datafield>
   <datafield ind2=" " ind1=" " tag="720">
      <subfield code="a">Navarro Sierra, José Luis</subfield>
      <subfield code="e">author</subfield>
   </datafield>
   <datafield ind2=" " ind1=" " tag="720">
      <subfield code="a">Huguet, Àngel</subfield>
      <subfield code="e">author</subfield>
   </datafield>
   <datafield ind2=" " ind1=" " tag="260">
      <subfield code="c">2018-02-06T11:03:26Z</subfield>
   </datafield>
   <datafield ind2=" " ind1=" " tag="260">
      <subfield code="c">2018-02-06T11:03:26Z</subfield>
   </datafield>
   <datafield ind2=" " ind1=" " tag="260">
      <subfield code="c">2016</subfield>
   </datafield>
   <datafield ind2=" " ind1=" " tag="520">
      <subfield code="a">A&#xd;
partir&#xd;
de&#xd;
un&#xd;
sistema&#xd;
de&#xd;
análisis&#xd;
de&#xd;
la&#xd;
práctica&#xd;
educativa&#xd;
se&#xd;
estudia&#xd;
la&#xd;
interacción&#xd;
en&#xd;
el&#xd;
aula&#xd;
entre&#xd;
una&#xd;
docente&#xd;
y&#xd;
un&#xd;
grupo&#xd;
de&#xd;
alumnos,&#xd;
en&#xd;
un&#xd;
contexto&#xd;
de&#xd;
amplia&#xd;
diversidad&#xd;
cultural&#xd;
y&#xd;
lingüística,&#xd;
en&#xd;
el&#xd;
marco&#xd;
de&#xd;
un&#xd;
trabajo&#xd;
por&#xd;
proyectos.&#xd;
En&#xd;
este&#xd;
artículo&#xd;
se&#xd;
describen&#xd;
y&#xd;
analizan&#xd;
aspectos&#xd;
como:&#xd;
el&#xd;
modo&#xd;
en&#xd;
el&#xd;
que&#xd;
la&#xd;
docente&#xd;
promueve&#xd;
la&#xd;
interacción,&#xd;
los&#xd;
contenidos&#xd;
que&#xd;
se&#xd;
hacen&#xd;
públicos&#xd;
y&#xd;
el&#xd;
grado&#xd;
de&#xd;
responsabilidad&#xd;
alcanzado&#xd;
por&#xd;
los&#xd;
alumnos&#xd;
en&#xd;
cuanto&#xd;
al&#xd;
desarrollo&#xd;
de&#xd;
aquellos.&#xd;
Nuestros&#xd;
resultados&#xd;
apuntan&#xd;
a&#xd;
un&#xd;
desarrollo&#xd;
positivo&#xd;
del&#xd;
proceso&#xd;
de&#xd;
enseñanza&#xd;
y&#xd;
aprendizaje.&#xd;
En&#xd;
este&#xd;
sentido,&#xd;
se&#xd;
plantean&#xd;
algunas&#xd;
consideraciones&#xd;
sobre&#xd;
el&#xd;
grado&#xd;
de&#xd;
autonomía&#xd;
del&#xd;
alumnado,&#xd;
la&#xd;
importancia&#xd;
de&#xd;
los&#xd;
contenidos&#xd;
que&#xd;
aportan,&#xd;
así&#xd;
como&#xd;
la&#xd;
relación&#xd;
entre&#xd;
estos&#xd;
resultados&#xd;
y&#xd;
el&#xd;
planteamiento&#xd;
metodológico&#xd;
del&#xd;
centro&#xd;
escolar.</subfield>
   </datafield>
   <datafield ind2=" " ind1=" " tag="520">
      <subfield code="a">Starting&#xd;
from&#xd;
a&#xd;
system&#xd;
of&#xd;
analysis&#xd;
of&#xd;
the&#xd;
educational&#xd;
practice,&#xd;
the&#xd;
classroom&#xd;
interaction&#xd;
between&#xd;
a&#xd;
teacher&#xd;
and&#xd;
a&#xd;
group&#xd;
of&#xd;
students&#xd;
is&#xd;
studied&#xd;
in&#xd;
a&#xd;
context&#xd;
of&#xd;
broad&#xd;
cultural&#xd;
and&#xd;
linguistic&#xd;
diversity,&#xd;
in&#xd;
the&#xd;
framework&#xd;
of&#xd;
working&#xd;
by&#xd;
projects.&#xd;
This&#xd;
article&#xd;
describes&#xd;
and&#xd;
analyses&#xd;
aspects&#xd;
such&#xd;
as&#xd;
the&#xd;
way&#xd;
in&#xd;
which&#xd;
the&#xd;
teacher&#xd;
promotes&#xd;
interaction,&#xd;
the&#xd;
contents&#xd;
that&#xd;
are&#xd;
made&#xd;
public&#xd;
and&#xd;
the&#xd;
degree&#xd;
of&#xd;
responsibility&#xd;
achieved&#xd;
by&#xd;
students&#xd;
in&#xd;
the&#xd;
development&#xd;
of&#xd;
those&#xd;
contents.&#xd;
Our&#xd;
results&#xd;
point&#xd;
to&#xd;
a&#xd;
positive&#xd;
development&#xd;
of&#xd;
the&#xd;
teaching&#xd;
and&#xd;
learning&#xd;
process.&#xd;
In&#xd;
this&#xd;
sense,&#xd;
some&#xd;
considerations&#xd;
about&#xd;
the&#xd;
degree&#xd;
of&#xd;
students’&#xd;
autonomy,&#xd;
the&#xd;
importance&#xd;
of&#xd;
the&#xd;
contents&#xd;
they&#xd;
provide,&#xd;
as&#xd;
well&#xd;
as&#xd;
the&#xd;
relationship&#xd;
between&#xd;
these&#xd;
results&#xd;
and&#xd;
the&#xd;
methodological&#xd;
approach&#xd;
of&#xd;
the&#xd;
school&#xd;
are&#xd;
proposed.</subfield>
   </datafield>
   <datafield ind2=" " ind1=" " tag="520">
      <subfield code="a">Este	trabajo es parte del desarrollo de proyectos de investigación financiados por el Ministerio de Economía y Competitividad del Gobierno de España (REF. EDU2014-54093-R) y la&#xd;
Agència de Gestió d’Ajuts Universitaris i de Recerca de la Generalitat de Catalunya	(REF. 2014	 SGR 208).</subfield>
   </datafield>
   <datafield ind1="8" ind2=" " tag="024">
      <subfield code="a">http://hdl.handle.net/10459.1/62616</subfield>
   </datafield>
   <datafield tag="653" ind2=" " ind1=" ">
      <subfield code="a">Interacción educativa</subfield>
   </datafield>
   <datafield tag="653" ind2=" " ind1=" ">
      <subfield code="a">Inmigración</subfield>
   </datafield>
   <datafield tag="653" ind2=" " ind1=" ">
      <subfield code="a">Proyectos</subfield>
   </datafield>
   <datafield tag="653" ind2=" " ind1=" ">
      <subfield code="a">Educación primaria</subfield>
   </datafield>
   <datafield ind2="0" ind1="0" tag="245">
      <subfield code="a">Análisis de la interacción en un aula con alta diversidad sociocultural</subfield>
   </datafield>
   <datafield ind2="0" ind1="0" tag="245">
      <subfield code="a">Analysis of the interaction in a classroom with high sociocultural diversity</subfield>
   </datafield>
</record></metadata></record></GetRecord></OAI-PMH>